Normal view MARC view

Entry Nombre personal

Number of records used in: 6

001 - NÚMERO DE CONTROL

  • campo de control: 37794

003 - IDENTIFICADOR DE NÚMERO DE CONTROL

  • campo de control: OSt

005 - FECHA Y HORA DE LA ÚLTIMA TRANSACCIÓN

  • campo de control: 20250516183600.0

008 - ELEMENTOS DE DATO DE LONGITUD-FIJA

  • campo de control de longitud fija: 070702 n acnnnaaan n bnn d

040 ## - FUENTE DE CATALOGACIÓN

  • Centro catalogador/agencia de origen: OSt
  • Centro/agencia transcriptor: OSt

100 00 - ENCABEZAMIENTO-NOMBRE DE PERSONA

  • Nombre de persona: Chaikovskii, Piotr llich,
  • Fechas asociadas al nombre: 1840-1893